书目信息 |
| 题名: |
环境与资源经济学概论
|
|
| 作者: | 马中 主编 | |
| 分册: | ||
| 出版信息: | 北京 高等教育出版社 2000.04 |
|
| 页数: | 225页 | |
| 开本: | 16开 | |
| 丛书名: | ||
| 单 册: | ||
| 中图分类: | X196 | |
| 科图分类: | ||
| 主题词: | 环境经济学 | |
| 电子资源: | ||
| ISBN: | 7-04-007251-3 | |
| 000 | 00533nam0 2200181 45 | |
| 001 | 0106181673 | |
| 005 | 20180425173548.88 | |
| 010 | @a7-04-007251-3@d15.90元 | |
| 100 | @a20010618d2000 km y0chiy0120 ea | |
| 101 | 0 | @achi |
| 200 | 1 | @a环境与资源经济学概论@AHuan Jing Yu Zi Yuan Jing Ji Xue Gai Lun@f马中主编@FMa Zhong Zhu Bian |
| 210 | @a北京@c高等教育出版社@d2000.04 | |
| 215 | @a225页@d16开 | |
| 606 | 0 | @a环境经济学 |
| 690 | @aX196@v3 | |
| 701 | 0 | @a马中@4主编 |
| 801 | @aCN@bPftUser@c20010618 | |
| 905 | @f10@b348648-657@dX196@eM.311 | |
| 环境与资源经济学概论/马中主编.-北京:高等教育出版社,2000.04 |
| 225页;16开 |
| ISBN 7-04-007251-3:15.90元 |
| ● |
| 相关链接 |
|
|
|
正题名:环境与资源经济学概论
索取号:X196/M.311
 
预约/预借
| 序号 | 登录号 | 条形码 | 馆藏地/架位号 | 状态 | 备注 |
| 1 | 1298950 | 212989505 | 建筑与城市规划学院资料室/ [索取号:X196/M.311] | 在馆 | |
| 2 | 348648 | 203486487 | 期刊室512/501自科库 63排7列5层/ [索取号:X196/M.311] | 在馆 | |
| 3 | 348649 | 203486496 | 期刊室512/501自科库 63排7列5层/ [索取号:X196/M.311] | 在馆 | |
| 4 | 348650 | 203486502 | 自科库501/501自科库 63排7列5层/ [索取号:X196/M.311] | 在馆 | |
| 5 | 348651 | 203486511 | 期刊室512/501自科库 63排7列5层/ [索取号:X196/M.311] | 在馆 | |
| 6 | 348652 | 203486520 | 期刊室512/501自科库 63排7列5层/ [索取号:X196/M.311] | 在馆 | |
| 7 | 348653 | 203486539 | 期刊室512/501自科库 63排7列5层/ [索取号:X196/M.311] | 在馆 | |
| 8 | 348654 | 203486548 | 自科库501/501自科库 63排7列5层/ [索取号:X196/M.311] | 在馆 | |
| 9 | 348655 | 203486557 | 期刊室512/501自科库 63排7列5层/ [索取号:X196/M.311] | 在馆 | |
| 10 | 348656 | 203486566 | 期刊室512/501自科库 63排7列5层/ [索取号:X196/M.311] | 在馆 | |
| 11 | 348657 | 203486575 | 期刊室512/501自科库 63排7列5层/ [索取号:X196/M.311] | 在馆 | |
| 12 | 349600 | 203496001 | 市政与环境工程学院资料室/ [索取号:X196/M.311] | 在馆 | |
| 13 | 349601 | 203496010 | 期刊室512/501自科库 63排7列5层/ [索取号:X196/M.311] | 在馆 | |
| 14 | 349602 | 203496029 | 自科库501/501自科库 63排7列5层/ [索取号:X196/M.311] | 在馆 | |
| 15 | 349603 | 203496038 | 测绘与城市空间信息学院资料室/ [索取号:X196/M.311] | 在馆 | |
| 16 | 349604 | 203496047 | 市政与环境工程学院资料室/ [索取号:X196/M.311] | 在馆 |